[Event "9. Malaga Open"]
[Site "Campillos ESP"]
[Date "2006.02.26"]
[Round "2.13"]
[White "Giretti, Kanev Jasen"]
[Black "Saldaño, Horacio"]
[Result "0-1"]
[WhiteElo "2221"]
[BlackElo "2436"]
[PlyCount "78"]
[EventDate "2006.02.25"]
[EventType "swiss"]
[EventRounds "9"]
[EventCountry "ESP"]
[Source "lmi"]
[SourceDate "2006.03.05"]

1. d4 Nf6 2. Nf3 g6 3. Bg5 Bg7 4. Nbd2 d5 5. e3 O-O 6. Bd3 Nbd7 7. O-O Re8 8.
c4 h6 9. Bh4 c6 10. Qc2 Nb6 11. Ne5 dxc4 12. Ndxc4 Be6 13. Na5 Qc8 14. a3 Ng4
15. Nxg4 Bxg4 16. f3 Be6 17. Kh1 Qd7 18. b4 Rac8 19. Nb3 Bxb3 20. Qxb3 Qd5 21.
Qxd5 Nxd5 22. Rae1 a6 23. f4 e6 24. Bf2 f5 25. h3 h5 26. g4 hxg4 27. hxg4 Kf7
28. gxf5 gxf5 29. Kg2 Bxd4 30. Bxa6 Bc3 31. Bxb7 Rc7 32. Ba6 Bxe1 33. Rxe1 Ra8
34. b5 cxb5 35. Bxb5 Rxa3 36. Kf3 Rac3 37. Rh1 Nf6 38. Rd1 Rc2 39. Bg1 Ne4 0-1

[Event "9. Malaga Open"]
[Site "Campillos ESP"]
[Date "2006.02.26"]
[Round "2.14"]
[White "Bellon Lopez, Juan Manuel"]
[Black "Diogo, Vasco"]
[Result "1/2-1/2"]
[WhiteElo "2415"]
[BlackElo "2186"]
[PlyCount "68"]
[EventDate "2006.02.25"]
[EventType "swiss"]
[EventRounds "9"]
[EventCountry "ESP"]
[Source "lmi"]
[SourceDate "2006.03.05"]

1. d4 d5 2. c4 c6 3. Nf3 Nf6 4. Nc3 a6 5. cxd5 cxd5 6. Bg5 Ne4 7. Bh4 Nc6 8. e3
Bf5 9. Rc1 Nxc3 10. Rxc3 Qb6 11. Qb3 Qxb3 12. Rxb3 Na5 13. Rc3 e6 14. a3 Bd6
15. Bg3 Ke7 16. Bxd6+ Kxd6 17. Ne5 Rhe8 18. b4 Nc6 19. Nxc6 bxc6 20. Rc5 a5 21.
bxa5 Reb8 22. f3 Rb3 23. Kf2 Rxa3 24. g4 Bg6 25. a6 Ra7 26. Kg3 Ra1 27. Rc3
R7xa6 28. Bxa6 Rxh1 29. Bb7 Rg1+ 30. Kf2 Rb1 31. Bxc6 Rb2+ 32. Kg3 Rc2 33. Rxc2
Bxc2 34. Bb5 f6 1/2-1/2

[Event "9. Malaga Open"]
[Site "Campillos ESP"]
[Date "2006.02.26"]
[Round "2.15"]
[White "Garcia Martinez, Silvino"]
[Black "Hennigan, Michael"]
[Result "1/2-1/2"]
[WhiteElo "2333"]
[BlackElo "2400"]
[PlyCount "54"]
[EventDate "2006.02.25"]
[EventType "swiss"]
[EventRounds "9"]
[EventCountry "ESP"]
[Source "lmi"]
[SourceDate "2006.03.05"]

1. e4 c5 2. Nf3 Nc6 3. d4 cxd4 4. Nxd4 Nf6 5. Nc3 d6 6. Bg5 e6 7. Qd2 a6 8.
O-O-O Bd7 9. f3 h6 10. Be3 Nxd4 11. Bxd4 b5 12. a3 Qb8 13. Kb1 a5 14. Bxf6 gxf6
15. Qd4 Be7 16. f4 Qb7 17. Be2 Bc6 18. Rhe1 b4 19. axb4 axb4 20. Na2 d5 21. Bd3
O-O 22. e5 Ra5 23. exf6 Bc5 24. Bh7+ Kxh7 25. Qd3+ Kh8 26. Qh3 Kh7 27. Qd3+ Kh8
1/2-1/2

[Event "9. Malaga Open"]
[Site "Campillos ESP"]
[Date "2006.02.26"]
[Round "3.1"]
[White "Romanishin, Oleg"]
[Black "Roeder, Mathias"]
[Result "1-0"]
[WhiteElo "2552"]
[BlackElo "2400"]
[PlyCount "41"]
[EventDate "2006.02.25"]
[EventType "swiss"]
[EventRounds "9"]
[EventCountry "ESP"]
[Source "lmi"]
[SourceDate "2006.03.05"]

1. d4 Nf6 2. Nf3 e6 3. g3 b5 4. Bg2 Be7 5. Ne5 d5 6. Nd2 Nfd7 7. Nd3 O-O 8. e4
c6 9. O-O a5 10. Re1 Ba6 11. a3 b4 12. Nf4 bxa3 13. b3 Qb6 14. c3 e5 15. exd5
exf4 16. Rxe7 fxg3 17. hxg3 c5 18. Bxa3 cxd4 19. cxd4 Bb5 20. Nc4 Qf6 21. Re3
1-0

[Event "9. Malaga Open"]
[Site "Campillos ESP"]
[Date "2006.02.26"]
[Round "3.2"]
[White "Garcia Fernandez, Carlos"]
[Black "Matamoros Franco, Carlos"]
[Result "1/2-1/2"]
[WhiteElo "2359"]
[BlackElo "2510"]
[PlyCount "33"]
[EventDate "2006.02.25"]
[EventType "swiss"]
[EventRounds "9"]
[EventCountry "ESP"]
[Source "lmi"]
[SourceDate "2006.03.05"]

1. e4 e6 2. d4 d5 3. e5 c5 4. c3 Qb6 5. Nf3 Nc6 6. a3 Nh6 7. b4 cxd4 8. cxd4
Nf5 9. Be3 f6 10. b5 Na5 11. Bd3 Nxe3 12. fxe3 Bd7 13. Nbd2 Bxb5 14. Rb1 Bxd3
15. Rxb6 axb6 16. Kf2 Be7 17. Ne1 1/2-1/2

[Event "9. Malaga Open"]
[Site "Campillos ESP"]
[Date "2006.02.26"]
[Round "3.3"]
[White "Vitor, Antonio"]
[Black "Cicak, Slavko"]
[Result "0-1"]
[WhiteElo "2354"]
[BlackElo "2500"]
[PlyCount "92"]
[EventDate "2006.02.25"]
[EventType "swiss"]
[EventRounds "9"]
[EventCountry "ESP"]
[Source "lmi"]
[SourceDate "2006.03.05"]

1. Nf3 d6 2. d4 Bg4 3. g3 c5 4. Bg2 cxd4 5. Nxd4 Qc8 6. h3 Bd7 7. c4 Nc6 8. Nb5
Ne5 9. b3 Bc6 10. O-O a6 11. Nd4 Bxg2 12. Kxg2 e6 13. Be3 Nf6 14. Nd2 b5 15.
Rc1 Qb7+ 16. f3 Be7 17. a4 bxa4 18. b4 O-O 19. Qxa4 Rfc8 20. Rc2 Nfd7 21. Rb1
Nb6 22. Qa2 d5 23. c5 Nbc4 24. Nxc4 Nxc4 25. Rxc4 dxc4 26. c6 Qc7 27. Qxc4 e5
28. Nf5 Bf8 29. Rc1 Rab8 30. Qxa6 Rxb4 31. Qd3 Qd8 32. Qc3 Qd5 33. Bf2 Qb5 34.
Rc2 Rb3 35. Qa1 g6 36. Ne3 h5 37. c7 Ra3 38. Qd1 Qa4 39. Nd5 Ra2 40. Nf6+ Kg7
41. Qd8 Rxc2 42. Nxh5+ gxh5 43. Qg5+ Kh8 44. Qxh5+ Kg8 45. Qg5+ Bg7 46. Qd8+
Qe8 0-1

[Event "9. Malaga Open"]
[Site "Campillos ESP"]
[Date "2006.02.26"]
[Round "3.4"]
[White "Khamrakulov, Ibragim"]
[Black "Alonso, Rene"]
[Result "1-0"]
[WhiteElo "2499"]
[BlackElo "2392"]
[PlyCount "105"]
[EventDate "2006.02.25"]
[EventType "swiss"]
[EventRounds "9"]
[EventCountry "ESP"]
[Source "lmi"]
[SourceDate "2006.03.05"]

1. e4 c5 2. c3 d5 3. exd5 Qxd5 4. d4 cxd4 5. cxd4 Nc6 6. Nf3 e5 7. Nc3 Bb4 8.
Bd2 Bxc3 9. Bxc3 e4 10. Nd2 Nf6 11. Bc4 Qg5 12. d5 Ne5 13. Bb5+ Bd7 14. Bxd7+
Nexd7 15. O-O O-O 16. d6 Rfe8 17. Nc4 Nd5 18. h4 Qf5 19. Ne3 Nxe3 20. fxe3 Qe6
21. Qd4 f6 22. Rac1 b6 23. Bb4 a5 24. Ba3 Qxa2 25. Rc7 Qe6 26. Qa4 Rad8 27.
Rfc1 h5 28. Rb7 Rf8 29. Qd1 Qg4 30. Qxg4 hxg4 31. Rcc7 Rf7 32. Kf2 Kf8 33. Kg3
f5 34. b3 Ke8 35. Kf4 Ra8 36. Bb2 Kd8 37. Bd4 b5 38. Rxb5 Ra6 39. Bb6 Rf6 40.
Bxa5 Rfxd6 41. Rc2+ Ke8 42. Rc8+ Kf7 43. Rxf5+ Nf6 44. Bc3 Ra2 45. Rc7+ Kg8 46.
Bxf6 Rxf6 47. Rxf6 gxf6 48. g3 Rf2+ 49. Kxe4 Rf3 50. b4 f5+ 51. Kd4 Rxg3 52. b5
f4 53. b6 1-0

[Event "9. Malaga Open"]
[Site "Campillos ESP"]
[Date "2006.02.26"]
[Round "3.5"]
[White "Tratar, Marko"]
[Black "Gullaksen, Eirik"]
[Result "1-0"]
[WhiteElo "2466"]
[BlackElo "2380"]
[PlyCount "101"]
[EventDate "2006.02.25"]
[EventType "swiss"]
[EventRounds "9"]
[EventCountry "ESP"]
[Source "lmi"]
[SourceDate "2006.03.05"]

1. Nf3 Nf6 2. c4 g6 3. Nc3 Bg7 4. e4 d6 5. d4 O-O 6. Be2 e5 7. O-O Na6 8. d5
Nh5 9. g3 Bg4 10. Ne1 Bxe2 11. Qxe2 f5 12. exf5 Rxf5 13. Nd3 Rf7 14. Ne4 h6 15.
Be3 Nf6 16. Nc3 Qe7 17. f3 c6 18. Nf2 Nc7 19. Rad1 c5 20. Bxc5 dxc5 21. d6 Qe6
22. dxc7 Rxc7 23. Nfe4 Nxe4 24. Nxe4 Kh7 25. Rd6 Qf5 26. Rfd1 Rf8 27. Kg2 b6
28. b3 Rcf7 29. R1d3 Rc7 30. Qd1 Rff7 31. Rd8 Qe6 32. R3d6 Qf5 33. h4 Bf8 34.
Rd5 Qe6 35. Qd3 Be7 36. R8d7 Bf8 37. Rxc7 Rxc7 38. h5 Rg7 39. Rd8 Be7 40. Rd7
Bf8 41. hxg6+ Kg8 42. Qd5 Qxd5 43. Rxd5 Rxg6 44. Rxe5 Kf7 45. f4 Bg7 46. Rd5
Ke7 47. Kf3 Rc6 48. g4 Rc8 49. Nd6 Rc7 50. Nf5+ Kf7 51. Rd6 1-0

[Event "9. Malaga Open"]
[Site "Campillos ESP"]
[Date "2006.02.26"]
[Round "3.6"]
[White "Lopez Gonzalez, Daniel"]
[Black "Teran Alvarez, Ismael"]
[Result "1/2-1/2"]
[WhiteElo "2230"]
[BlackElo "2446"]
[PlyCount "40"]
[EventDate "2006.02.25"]
[EventType "swiss"]
[EventRounds "9"]
[EventCountry "ESP"]
[Source "lmi"]
[SourceDate "2006.03.05"]

1. d4 d5 2. Nf3 Nc6 3. Bf4 Bg4 4. e3 e6 5. c4 Bb4+ 6. Nc3 Nf6 7. Bg5 h6 8. Bxf6
Qxf6 9. cxd5 exd5 10. Be2 O-O 11. O-O Bxc3 12. bxc3 Qd6 13. c4 dxc4 14. Bxc4
Na5 15. Be2 Qd5 16. Qd2 b6 17. Qb4 Rac8 18. Rfc1 Rfd8 19. Rc3 c6 20. Qa4 Rc7
1/2-1/2

[Event "9. Malaga Open"]
[Site "Campillos ESP"]
[Date "2006.02.26"]
[Round "3.7"]
[White "Saldaño, Horacio"]
[Black "Quillan, Gary"]
[Result "0-1"]
[WhiteElo "2436"]
[BlackElo "2356"]
[PlyCount "103"]
[EventDate "2006.02.25"]
[EventType "swiss"]
[EventRounds "9"]
[EventCountry "ESP"]
[Source "lmi"]
[SourceDate "2006.03.05"]

1. Nf3 Nf6 2. g3 d5 3. Bg2 Bf5 4. O-O e6 5. d3 Be7 6. Nbd2 h6 7. b3 O-O 8. Bb2
Bh7 9. Qe1 Nbd7 10. e4 dxe4 11. dxe4 c6 12. Qe2 Re8 13. Rad1 Qa5 14. Nc4 Qa6
15. Nfe5 Nxe5 16. Bxe5 Red8 17. a4 Ne8 18. Rfe1 b5 19. Ne3 Qb6 20. Ra1 a6 21.
h3 Bc5 22. Bb2 Rd7 23. axb5 cxb5 24. Ng4 Rad8 25. Red1 Rxd1+ 26. Rxd1 Rxd1+ 27.
Qxd1 Qd6 28. Qd3 f6 29. Kf1 h5 30. Ne3 Bxe3 31. fxe3 e5 32. Bf3 Bg6 33. Ke2 Qc6
34. Qd5+ Qxd5 35. exd5 Bxc2 36. Bxh5 g6 37. Kd2 Be4 38. Bg4 Bxd5 39. Bc8 a5 40.
Kc2 Nd6 41. Bd7 Kf7 42. Bg4 Ne4 43. Be2 b4 44. g4 Nc5 45. g5 Bxb3+ 46. Kc1 Be6
47. h4 Ke7 48. gxf6+ Kxf6 49. h5 gxh5 50. Bxh5 a4 51. Be8 a3 52. Ba1 0-1

[Event "9. Malaga Open"]
[Site "Campillos ESP"]
[Date "2006.02.26"]
[Round "3.8"]
[White "Perez Candelario, Manuel"]
[Black "Kovacevic, Slobodan"]
[Result "1/2-1/2"]
[WhiteElo "2511"]
[BlackElo "2350"]
[PlyCount "37"]
[EventDate "2006.02.25"]
[EventType "swiss"]
[EventRounds "9"]
[EventCountry "ESP"]
[Source "lmi"]
[SourceDate "2006.03.05"]

1. e4 c5 2. Nf3 e6 3. d4 cxd4 4. Nxd4 a6 5. Bd3 Nf6 6. O-O d6 7. c4 Nbd7 8. Qe2
Qc7 9. f4 Be7 10. Kh1 g6 11. Nc3 O-O 12. Nf3 b6 13. Bd2 Bb7 14. Rae1 Rad8 15.
Bb1 Rfe8 16. a3 Bf8 17. b4 Bg7 18. Ba2 h6 19. Qf2 1/2-1/2

[Event "9. Malaga Open"]
[Site "Campillos ESP"]
[Date "2006.02.26"]
[Round "3.9"]
[White "Breivik, Lars"]
[Black "Rotstein, Arkadij"]
[Result "0-1"]
[WhiteElo "2231"]
[BlackElo "2520"]
[PlyCount "78"]
[EventDate "2006.02.25"]
[EventType "swiss"]
[EventRounds "9"]
[EventCountry "ESP"]
[Source "lmi"]
[SourceDate "2006.03.05"]

1. d4 Nf6 2. Nf3 b6 3. e3 Bb7 4. Bd3 c5 5. O-O g6 6. c4 Bg7 7. d5 b5 8. Nc3
bxc4 9. Bxc4 O-O 10. e4 d6 11. Bf4 Ba6 12. Bxa6 Nxa6 13. Qd2 Re8 14. Rfe1 Nc7
15. Rad1 Nd7 16. e5 dxe5 17. Nxe5 Nxe5 18. Bxe5 Bxe5 19. Rxe5 Qd6 20. Re4 Rab8
21. b3 Red8 22. Qe3 e6 23. Rh4 Rb4 24. Rxb4 cxb4 25. Ne4 Qe5 26. f4 Qb2 27. d6
Nd5 28. Qd4 Qxd4+ 29. Rxd4 Kf8 30. g3 Rc8 31. Rc4 Rxc4 32. bxc4 Nc3 33. Nd2 Ke8
34. c5 Kd7 35. Nc4 f6 36. a3 b3 37. Nb2 Kc6 38. Kg2 Ne4 39. Nd3 Nxc5 0-1

[Event "9. Malaga Open"]
[Site "Campillos ESP"]
[Date "2006.02.26"]
[Round "3.10"]
[White "Rivas Pastor, Manuel"]
[Black "Fenollar Jorda, Manuel"]
[Result "1-0"]
[WhiteElo "2502"]
[BlackElo "2277"]
[PlyCount "55"]
[EventDate "2006.02.25"]
[EventType "swiss"]
[EventRounds "9"]
[EventCountry "ESP"]
[Source "lmi"]
[SourceDate "2006.03.05"]

1. e4 e5 2. Nc3 Nf6 3. g3 Bc5 4. Bg2 Nc6 5. d3 d6 6. Na4 Bb4+ 7. c3 Ba5 8. b4
Bb6 9. Nf3 Bd7 10. O-O Qc8 11. Bg5 Ng8 12. d4 exd4 13. cxd4 Nxb4 14. d5 Na6 15.
Nxb6 axb6 16. e5 h6 17. Bf4 dxe5 18. Re1 Nf6 19. Bxe5 O-O 20. Bxf6 gxf6 21. Nd4
Nc5 22. Qh5 Kg7 23. Re7 Ra4 24. Rxd7 Rxd4 25. Re7 Qd8 26. Rae1 Qd6 27. Bh3 Rxd5
28. Bf5 1-0

[Event "9. Malaga Open"]
[Site "Campillos ESP"]
[Date "2006.02.26"]
[Round "3.11"]
[White "Aguettaz, Maxime"]
[Black "Mariano, Nelson"]
[Result "1-0"]
[WhiteElo "2338"]
[BlackElo "2474"]
[PlyCount "61"]
[EventDate "2006.02.25"]
[EventType "swiss"]
[EventRounds "9"]
[EventCountry "ESP"]
[Source "lmi"]
[SourceDate "2006.03.05"]

1. Nf3 Nf6 2. g3 g6 3. b4 c6 4. Bb2 Bg7 5. Bg2 Qb6 6. a3 a5 7. Bd4 Qc7 8. d3
axb4 9. axb4 Rxa1 10. Bxa1 Qb6 11. c3 Qa7 12. Nbd2 d5 13. O-O O-O 14. Bb2 Bg4
15. Qb3 Nbd7 16. Ra1 Qb6 17. c4 Rb8 18. Bd4 Qd8 19. Ra7 e5 20. Nxe5 Bxe2 21.
Qb2 Nf8 22. cxd5 Nxd5 23. Nxc6 bxc6 24. Bxg7 Ne6 25. Be5 Rc8 26. Nc4 Bxd3 27.
Nd2 Ng7 28. Ra3 f6 29. Rxd3 fxe5 30. Qxe5 Ne7 31. Bd5+ 1-0

[Event "9. Malaga Open"]
[Site "Campillos ESP"]
[Date "2006.02.26"]
[Round "3.12"]
[White "Gonzales, Jayson"]
[Black "Fernandez Siles, Luis"]
[Result "1-0"]
[WhiteElo "2452"]
[BlackElo "2291"]
[PlyCount "157"]
[EventDate "2006.02.25"]
[EventType "swiss"]
[EventRounds "9"]
[EventCountry "ESP"]
[Source "lmi"]
[SourceDate "2006.03.05"]

1. d4 Nf6 2. Nf3 g6 3. Bf4 Bg7 4. e3 O-O 5. Be2 d6 6. h3 Nbd7 7. O-O b6 8. a4
a5 9. Nbd2 Bb7 10. c3 Ne4 11. Nxe4 Bxe4 12. Bh2 e5 13. dxe5 Nxe5 14. Re1 Nxf3+
15. Bxf3 Qe7 16. Qe2 Rfe8 17. Red1 Bxf3 18. Qxf3 Qe4 19. Qxe4 Rxe4 20. Kf1 f5
21. Ke2 Rae8 22. Kd3 Bh6 23. Bg1 Kf7 24. Re1 R4e5 25. Re2 f4 26. e4 f3 27. gxf3
Rh5 28. Bh2 Rxh3 29. Bg3 Ke6 30. Ree1 Re7 31. Rh1 Rxh1 32. Rxh1 Bg5 33. f4 Bf6
34. Kc4 c6 35. f3 Rb7 36. Rd1 Be7 37. Kd3 Bf8 38. Rh1 h6 39. Bf2 b5 40. axb5
Rxb5 41. Kc2 h5 42. Bd4 Be7 43. f5+ gxf5 44. Rxh5 fxe4 45. Rh6+ Kf5 46. fxe4+
Kf4 47. Re6 Rb7 48. Kd3 c5 49. Be3+ Kf3 50. Bc1 a4 51. Rh6 Rb8 52. Rh7 Re8 53.
Rf7+ Kg4 54. Rf4+ Kg3 55. Rf5 Rh8 56. Rf7 Rh1 57. Be3 Bh4 58. Kc4 Rb1 59. Bf2+
Kg4 60. Rg7+ Kf3 61. Bxh4 Kxe4 62. Re7+ Kf3 63. Re6 Rxb2 64. Rxd6 a3 65. Ra6 a2
66. Kxc5 Ke3 67. Bf6 Kd3 68. c4 Rf2 69. Ra3+ Ke4 70. Ba1 Rc2 71. Kb5 Rh2 72.
Kb4 Rh8 73. Kb3 Kd3 74. Ra7 Rh2 75. Bb2 Rh4 76. Rd7+ Ke3 77. c5 Rh5 78. Kxa2
Ke4 79. Ba3 1-0

[Event "9. Malaga Open"]
[Site "Campillos ESP"]
[Date "2006.02.26"]
[Round "3.13"]
[White "Picazo Lopez, Juan Antonio"]
[Black "Bellon Lopez, Juan Manuel"]
[Result "0-1"]
[WhiteElo "2135"]
[BlackElo "2415"]
[PlyCount "45"]
[EventDate "2006.02.25"]
[EventType "swiss"]
[EventRounds "9"]
[EventCountry "ESP"]
[Source "lmi"]
[SourceDate "2006.03.05"]

1. d4 Nf6 2. c4 c5 3. d5 b5 4. cxb5 a6 5. b6 e6 6. Nc3 exd5 7. Nxd5 Nxd5 8.
Qxd5 Nc6 9. e4 Be7 10. Bc4 O-O 11. Nf3 Rb8 12. Rf1 Rxb6 13. b3 Na5 14. Bb2 Bb7
15. Qd3 Nxc4 16. Qxc4 d5 17. Qc3 Rg6 18. Ne5 d4 19. Qc4 Rb6 20. Nd3 Bxe4 21.
Nxc5 Bd5 22. Qc2 Bf6 23. Qd2 0-1

[Event "9. Malaga Open"]
[Site "Campillos ESP"]
[Date "2006.02.26"]
[Round "3.14"]
[White "Hennigan, Michael"]
[Black "Terron Elena, Francisco Miguel"]
[Result "1-0"]
[WhiteElo "2400"]
[BlackElo "2230"]
[PlyCount "81"]
[EventDate "2006.02.25"]
[EventType "swiss"]
[EventRounds "9"]
[EventCountry "ESP"]
[Source "lmi"]
[SourceDate "2006.03.05"]

1. g3 e5 2. Bg2 d5 3. d3 Nf6 4. Nf3 Nc6 5. O-O g6 6. c4 Bg7 7. Nc3 d4 8. Na4
O-O 9. a3 a5 10. b4 axb4 11. axb4 e4 12. Ng5 exd3 13. exd3 Re8 14. b5 Ne5 15.
Bf4 Bg4 16. Qd2 h6 17. Bxe5 Rxe5 18. Nf3 Re8 19. Nc5 Rxa1 20. Rxa1 b6 21. Na6
Bf8 22. Qf4 Bxf3 23. Bxf3 Qd6 24. Nxc7 Qxf4 25. gxf4 Rc8 26. Ra7 Bd6 27. Na6
Bxf4 28. Rb7 Re8 29. Rxb6 Re1+ 30. Kg2 Nd7 31. Rb7 Ne5 32. Nc5 Bxh2 33. Bd5 Bf4
34. Nd7 h5 35. Nxe5 Rxe5 36. Rxf7 Rxd5 37. Rxf4 Rd6 38. Re4 Kf7 39. f4 Kf6 40.
Re5 Rd7 41. b6 1-0

[Event "9. Malaga Open"]
[Site "Campillos ESP"]
[Date "2006.02.26"]
[Round "3.15"]
[White "Diogo, Vasco"]
[Black "Gorbatow, Alexej"]
[Result "1-0"]
[WhiteElo "2186"]
[BlackElo "2381"]
[PlyCount "55"]
[EventDate "2006.02.25"]
[EventType "swiss"]
[EventRounds "9"]
[EventCountry "ESP"]
[Source "lmi"]
[SourceDate "2006.03.05"]

1. e4 c5 2. Nf3 e6 3. d4 a6 4. c4 cxd4 5. Nxd4 Nf6 6. Nc3 Bb4 7. Qc2 Bxc3+ 8.
bxc3 Qa5 9. Bd3 d6 10. O-O e5 11. Nf5 Bxf5 12. exf5 Nbd7 13. Rb1 Nc5 14. Be3
O-O-O 15. Be2 Rhe8 16. Rb4 Rd7 17. Rfb1 Rc7 18. Bf3 Ree7 19. Rd1 Red7 20. Rd2
h6 21. Qb1 Na4 22. Qb3 Nc5 23. Qb1 e4 24. Be2 d5 25. Bf4 Rc6 26. Qd1 d4 27.
Rxd4 Qxa2 28. Qa1 1-0

[Event "9. Malaga Open"]
[Site "Campillos ESP"]
[Date "2006.02.27"]
[Round "4.1"]
[White "Quillan, Gary"]
[Black "Romanishin, Oleg"]
[Result "1/2-1/2"]
[WhiteElo "2356"]
[BlackElo "2552"]
[PlyCount "111"]
[EventDate "2006.02.25"]
[EventType "swiss"]
[EventRounds "9"]
[EventCountry "ESP"]
[Source "lmi"]
[SourceDate "2006.03.05"]

1. e4 e5 2. Nf3 Nc6 3. Bb5 a6 4. Ba4 Nf6 5. O-O Be7 6. Re1 b5 7. Bb3 d6 8. c3
O-O 9. d4 Bg4 10. d5 Na5 11. Bc2 Qc8 12. Nbd2 c6 13. b4 Nb7 14. dxc6 Qxc6 15.
Bb2 Nd8 16. Nf1 Ne6 17. h3 Bh5 18. Ng3 Bg6 19. Nh4 Rfd8 20. Nhf5 Bf8 21. Qf3
Rac8 22. Bb3 Ng5 23. Qe3 Ngxe4 24. Nh4 Nxg3 25. Qxg3 Be4 26. f4 exf4 27. Qxf4
d5 28. Nf5 Qb6+ 29. Nd4 Bd6 30. Qf2 Bb8 31. g4 Bg6 32. Nf5 Qxf2+ 33. Kxf2 Bxf5
34. gxf5 Ne4+ 35. Kg2 Nd2 36. Rad1 Nc4 37. Bc1 h5 38. Be3 Be5 39. Bd4 Bxd4 40.
Rxd4 Nb6 41. Re3 Rc6 42. Kg3 Kh7 43. Rdd3 Rdc8 44. Rf3 R8c7 45. h4 Kh6 46. Kh3
g6 47. fxg6 fxg6 48. Kg2 Re7 49. Kf2 Rce6 50. Rd2 Nc4 51. Bxc4 dxc4 52. a4 bxa4
53. Ra2 g5 54. hxg5+ Kxg5 55. Rxa4 Re2+ 56. Kg3 1/2-1/2

[Event "9. Malaga Open"]
[Site "Campillos ESP"]
[Date "2006.02.27"]
[Round "4.2"]
[White "Cicak, Slavko"]
[Black "Khamrakulov, Ibragim"]
[Result "1-0"]
[WhiteElo "2500"]
[BlackElo "2499"]
[PlyCount "79"]
[EventDate "2006.02.25"]
[EventType "swiss"]
[EventRounds "9"]
[EventCountry "ESP"]
[Source "lmi"]
[SourceDate "2006.03.05"]

1. d4 Nf6 2. c4 g6 3. d5 c6 4. Nc3 cxd5 5. cxd5 d6 6. e4 Bg7 7. Nf3 O-O 8. Be2
Nbd7 9. Be3 Ng4 10. Bd4 Nge5 11. Nxe5 Bxe5 12. Bxe5 Nxe5 13. Qd4 Qb6 14. Qxb6
axb6 15. b3 f5 16. f4 Nd7 17. exf5 Rxf5 18. g3 Nc5 19. Kd2 g5 20. Ke3 gxf4+ 21.
gxf4 Bd7 22. Rac1 Ra3 23. Rhg1+ Kh8 24. Rg2 e5 25. dxe6 Nxe6 26. Bg4 Rc5 27.
Rd2 Rc6 28. Bf3 Rc7 29. Rxd6 Ra8 30. Ne2 Nc5 31. b4 Re8+ 32. Kd2 Bg4 33. Rxc5
bxc5 34. Bxg4 cxb4 35. Be6 Kg7 36. Nd4 Kf8 37. Bb3 Rc3 38. f5 Ree3 39. f6 Rcd3+
40. Kc2 1-0

[Event "9. Malaga Open"]
[Site "Campillos ESP"]
[Date "2006.02.27"]
[Round "4.3"]
[White "Rotstein, Arkadij"]
[Black "Tratar, Marko"]
[Result "0-1"]
[WhiteElo "2520"]
[BlackElo "2466"]
[PlyCount "116"]
[EventDate "2006.02.25"]
[EventType "swiss"]
[EventRounds "9"]
[EventCountry "ESP"]
[Source "lmi"]
[SourceDate "2006.03.05"]

1. c4 g6 2. g3 Bg7 3. Bg2 c5 4. Nc3 Nc6 5. Nf3 e5 6. O-O Nge7 7. Ne1 d6 8. Nc2
Be6 9. Ne3 O-O 10. a3 Qd7 11. Ned5 Bh3 12. b4 Bxg2 13. Kxg2 Nxd5 14. Nxd5 e4
15. Rb1 Ne7 16. Qc2 Nxd5 17. cxd5 Rfe8 18. bxc5 dxc5 19. Qxc5 b6 20. Qb5 Rad8
21. d3 exd3 22. Qxd3 Qxd5+ 23. Qxd5 Rxd5 24. Be3 Bf8 25. Rb3 Rc8 26. Rc1 Rxc1
27. Bxc1 f5 28. Kf3 Kf7 29. e4 fxe4+ 30. Kxe4 Ke6 31. g4 Rc5 32. Be3 Rc4+ 33.
Kf3 Ra4 34. Bc1 Bc5 35. h3 Kd5 36. Ke2 Re4+ 37. Kf3 Re7 38. Kg3 Kc4 39. Rf3 Rd7
40. Kg2 a5 41. Be3 Bxe3 42. Rxe3 b5 43. f4 b4 44. axb4 axb4 45. Re8 Rb7 46.
Rc8+ Kd3 47. Kf3 b3 48. Rd8+ Kc2 49. Rc8+ Kd3 50. Rd8+ Kc3 51. Rc8+ Kb4 52. Rc1
b2 53. Rb1 Kc3 54. Ke4 Kc2 55. Rxb2+ Rxb2 56. f5 gxf5+ 57. gxf5 Rb4+ 58. Ke5
Rh4 0-1

[Event "9. Malaga Open"]
[Site "Campillos ESP"]
[Date "2006.02.27"]
[Round "4.4"]
[White "Matamoros Franco, Carlos"]
[Black "Sahl, Bjarke"]
[Result "0-1"]
[WhiteElo "2510"]
[BlackElo "2381"]
[PlyCount "59"]
[EventDate "2006.02.25"]
[EventType "swiss"]
[EventRounds "9"]
[EventCountry "ESP"]
[Source "lmi"]
[SourceDate "2006.03.05"]

1. c4 Nf6 2. g3 e5 3. Bg2 Bc5 4. Nc3 O-O 5. e3 d6 6. Nge2 a6 7. b3 Nc6 8. h3
Re8 9. d3 h6 10. O-O Ba7 11. Bb2 Nh7 12. Kh2 Ng5 13. Nd5 Ne7 14. Nxe7+ Qxe7 15.
Nc3 c6 16. f4 Nh7 17. Qf3 Bd7 18. a4 Rad8 19. Rae1 Bc8 20. Re2 Qc7 21. Kh1 f6
22. b4 Be6 23. d4 Bd7 24. Rc1 Qb6 25. Ba3 Qc7 26. Bb2 a5 27. b5 Nf8 28. f5 Bxf5
29. g4 Bh7 30. h4 0-1

[Event "9. Malaga Open"]
[Site "Campillos ESP"]
[Date "2006.02.27"]
[Round "4.5"]
[White "Gorbatow, Alexej"]
[Black "Rivas Pastor, Manuel"]
[Result "0-1"]
[WhiteElo "2381"]
[BlackElo "2502"]
[PlyCount "43"]
[EventDate "2006.02.25"]
[EventType "swiss"]
[EventRounds "9"]
[EventCountry "ESP"]
[Source "lmi"]
[SourceDate "2006.03.05"]

1. e4 d6 2. c4 c5 3. Ne2 e5 4. Nbc3 Nc6 5. d3 g6 6. a3 h5 7. Nd5 Be6 8. b4 Bh6
9. f4 Nf6 10. fxe5 dxe5 11. Bxh6 Rxh6 12. Nxf6+ Qxf6 13. bxc5 Qe7 14. Rb1 O-O-O
15. Qc1 Rhh8 16. Qe3 Rd7 17. Rb2 Qd8 18. Nc3 Qa5 19. Qd2 Bxc4 20. Be2 Rhd8 21.
Qg5 f5 22. Bf3 0-1

[Event "9. Malaga Open"]
[Site "Campillos ESP"]
[Date "2006.02.27"]
[Round "4.6"]
[White "Kovacevic, Slobodan"]
[Black "Gonzales, Jayson"]
[Result "0-1"]
[WhiteElo "2350"]
[BlackElo "2452"]
[PlyCount "36"]
[EventDate "2006.02.25"]
[EventType "swiss"]
[EventRounds "9"]
[EventCountry "ESP"]
[Source "lmi"]
[SourceDate "2006.03.05"]

1. d4 Nf6 2. Nf3 g6 3. Bg5 Bg7 4. Nbd2 O-O 5. c3 h6 6. Bh4 d6 7. e4 c5 8. dxc5
dxc5 9. Qc2 Nc6 10. Be2 Nh5 11. O-O Qc7 12. Rfe1 b6 13. Nc4 Bb7 14. a4 Rab8 15.
Nfd2 Nf4 16. Bf1 g5 17. Bg3 e6 18. Na3 a6 0-1

[Event "9. Malaga Open"]
[Site "Campillos ESP"]
[Date "2006.02.27"]
[Round "4.9"]
[White "Madina, Martin"]
[Black "Hennigan, Michael"]
[Result "0-1"]
[WhiteElo "2340"]
[BlackElo "2400"]
[PlyCount "58"]
[EventDate "2006.02.25"]
[EventType "swiss"]
[EventRounds "9"]
[EventCountry "ESP"]
[Source "lmi"]
[SourceDate "2006.03.05"]

1. d4 Nf6 2. Nf3 g6 3. Bg5 Bg7 4. Nbd2 O-O 5. e3 d6 6. h3 Nc6 7. c3 h6 8. Bh4
e5 9. Bb5 Bd7 10. a4 Qe8 11. Bxf6 Bxf6 12. d5 Nb8 13. Bxd7 Nxd7 14. e4 Bg7 15.
Nf1 Nc5 16. Qc2 f5 17. Ng3 c6 18. Rd1 cxd5 19. Rxd5 Qc6 20. Rxc5 Qxc5 21. exf5
gxf5 22. Nxf5 e4 23. Ne7+ Kf7 24. Qb3+ Kxe7 25. Qxb7+ Kf6 26. Nd4 Rae8 27. g4
Rf7 28. Qb3 d5 29. f3 Kg6 0-1